| 000 | 02690nam a2200445 i 4500 | ||
|---|---|---|---|
| 001 | 193303 | ||
| 003 | SpMaBN | ||
| 005 | 20250712063137.0 | ||
| 007 | ta | ||
| 008 | 231031s2008 sp | |||| 000 f spa | ||
| 017 |
_aB 5944-2008 _bOficina Depósito Legal Barcelona |
||
| 020 | _a9788483466025 | ||
| 035 | _a(OCoLC)434432048 | ||
| 035 | _aFF3361461 | ||
| 040 |
_aSpMaBN _bspa _cSpMaBN _erdc _dES-MaACL |
||
| 080 | _a821.112.2-31"16" | ||
| 100 | 1 |
_aGrimmelshausen, Hans Jakob Christoph von _0XX1165000 _9234435 _eaut |
|
| 245 | 1 | 3 |
_aEl aventurero Simplicissimus / _cHans Jakob Christoffel von Grimmelshausen ; traducción de Jorge Miracle, Carlos Fortea ; revisada por Jaume Bonfill. |
| 250 | _aPrimera edición: marzo, 2008 | ||
| 260 |
_a[Barcelona] : _bDebolsillo, _c2008. |
||
| 300 |
_a541 páginas ; _c18 cm |
||
| 336 |
_2rdacontent _aTexto |
||
| 337 |
_2rdamedia _asin mediación |
||
| 338 |
_2rdacarrier _avolumen |
||
| 490 | 1 |
_aClásicos ; _v113 |
|
| 520 | _a He aquí la vida de un muchacho, Simplicius Simplicissimus, que fue criado como un animal, creció mientras lo tomaban por loco, resultó ser un excelente soldado y mejor ladrón, cosechó fortuna y amores, lo perdió todo... y lo hizo atravesando media Europa a pie, acaballo, en barco, o incluso de rodillas. Su ciclo vital es el compendio de las calamidades que la guerra de los Treinta Años propició en todo un continente: con sus ojos vemos cómo los soldados pueden cambiar de bando con la misma facilidad que las monedas de bolsillo, y cómo la fortuna sonríe y da la espalda con tanta ligereza como un pícaro medra en un país devastado por las guerras de religión. La novela más famosa de Grimmelshausen, El aventurero Simplicissimus, se publicó en 1668, y su secuela, la Continuatio, al año siguiente. Presentamos, por primera vez en lengua española, la edición completa de una obra única quizá la más grande entre el corpus literario del Barroco alemán. | ||
| 534 | _pTraducción de: Simplicissimus | ||
| 655 | 4 |
_9226785 _aNovelas picarescas |
|
| 700 | 1 |
_aMiracle, Jorge _981469 _etrl |
|
| 700 | 1 |
_aFortea, Carlos, _d1963- _etrl _951844 |
|
| 830 |
_aClásicos (Nuevas Ediciones de Bolsillo) ; _v113 _9234436 |
||
| 852 |
_aES-MaACL _9200743 _bR.154725 _jN-9499 _cDEPOJ _hDonación: Carlos Fortea _xEncuadernación rústica |
||
| 903 |
_aFortea, Carlos, _d1963- _ednr _951844 |
||
| 942 |
_n0 _cMONOGRAFIA |
||
| 999 |
_c193303 _d193303 |
||